000 02300nam a2200229 a 4500
001 000010936
005 20240412074221.0
008 091013t1993 dr 001 p spa d
040 _aDO-SdBNP
_bspa
_cBNPHU
082 _aRD861.44
_bV732L
100 1 _aVillegas, Víctor,
_d1924-
_97800
245 1 3 _aLa luz en el regreso :
_bantología poética /
_cVíctor Villegas ; selección y estudio de Pedro Conde.
260 _aSanto Domingo :
_bAlfa y Omega,
_c1993.
300 _axxv, 104 p. ;
_c21 cm.
500 _aIncluye datos biográficos del autor en la contracubierta.
505 0 _gElogio y diatriba de Víctor Villegas /
_rPedro Conde --
_tItinerario del dolor --
_tDe Charlotte Amalie a Juan Criollo --
_tLa luz en el regreso--
_tEl estro de un maestro --
_gI.- Dialogos con Simeón (1977) :
_tEn el hechizo --
_tMartina la hija del hombre --
_tLos desembarcaderos --
_tMar en sombras --
_gII.- Charlotte Amalie (1980) :
_tElegía mojada por la lluvia --
_gIII.- Juan criollo y otras antielegías (1982) :
_tAntielegía del brazero --
_tAntielegía tierra (Rosalía )--
_tAntielegía del recuerdo --
_gIV.- Botella en el mar 72 :
_tHacia el hombre --
_tPlenitud --
_tReencuentro --
_tVida inmortal --
_tEn mi los otros --
_tConfluencia en el amor --
_tExperiencia del día --
_tCada quien cava su tumba --
_tSomos si deseamos --
_tPresencia de la ausencia --
_tSólo la destrucción --
_tViviéndolo todo, a mi modo de ver --
_tRomper el círculo --
_tA un aludido --
_tTransitorias, las cosas --
_tComo naciendo aún --
_gV.- Poco tiempo después(1991) :
_tSe va mi traje, su algodón --
_tDesplazando el alma--
_tPorque nadie ha cruzado los umbrales --
_tEl tren que pasa está siempre pasando --
_tEncima de la luz la noche --
_tNo dar solas las cosas --
_tVivo a mi lado --
_tPuede la quietud tornarse --
_tDeseo, si no miento, estar amándote --
_tHe probado ser idólatra --
_tYa es hora de entendernos --
_tDesigual, con el libro en la mano --
_tMe ajusto la camisa --
_tMientras más en la muerte --
_tLimpiar a veces --
_tEntrar a la memoria si está sola --
_tEl que salió de mí --
_tHablo conmigo --
_tEn mí todo es posible.
590 _aInventariado, 2019 / DG
650 0 _aPoesía dominicana
_966
650 0 _aLiteratura dominicana.
_967
700 1 _aConde, Pedro,
_scomp.
_926345
910 _aValidado. Control de calidad EMS.
999 _c10674
_d10674